Scientific Terms A-Z - Statistics

General Stats
  • This quiz has been taken 102 times
  • The average score is 17 of 26
Answer Stats
Letter Clue Answer % Correct
C Element that makes bones strong Calcium
98%
T Instrument used to measure temperature Thermometer
94%
B Microorganisms, mostly harmless towards humans Bacteria
91%
I Charged particles Ions
89%
J Unit of work Joule
86%
A Study of structure and parts of organisms Anatomy
83%
H Thermal energy Heat
83%
P Often known as the 4th state of matter Plasma
83%
U Fluid containing urea, water, salts, and other waste substances Urine
82%
N Organ system that consists of the brain, spinal cord, and nerves Nervous system
80%
K Prefix indicating the 3rd power of 10 Kilo
78%
R The "bending" of light Refraction
75%
W Condition of atmosphere over a small period of time Weather
73%
E Proteins that speed up chemical processes Enzymes
72%
Z Result of fertilization Zygote
72%
M Change in sequence of DNA Mutation
66%
G The process by which an organism grows from a seed or similar structure Germination
60%
Y 39th chemical element Yttrium
58%
S Anything that evokes a response Stimulus
56%
D The process by which organic substances are broken down into simpler organic matter Decomposition
55%
X Plant tissue that is responsible for the transport of water and minerals Xylem
45%
Q The minimum amount of any physical entity involved in an interaction Quantum
44%
O Volcanic glass formed from cooled lava Obsidian
38%
V Organelle that is used for storage of essentials and wastes in both plant and animal cells Vacuole
38%
L The crust and the upper layer of the mantle Lithosphere
25%
F Form of asexual reproduction Fission
18%
No matching quizzes found
Score Distribution
Percent of People with Each Score
Percentile by Number Answered
Your Score History
You have not taken this quiz